|
|
|
|
| LEADER |
00000nam a2200000 i 4500 |
| 001 |
1/39849 |
| 008 |
960129s1989 eng d |
| 020 |
|
|
|a 0-582-99870-0
|
| 035 |
|
|
|l 10025121
|
| 040 |
|
|
|a GR-MY-UA
|b gre
|e aacr
|
| 041 |
0 |
|
|a eng
|
| 082 |
0 |
|
|a 302.234
|
| 100 |
1 |
|
|a DeFleur, Melvin L.
|q (Melvin Lawrence)
|d 1923-
|
| 245 |
1 |
0 |
|a Theories of mass communication /
|c Melvin L. DeFleur, Sandra J. Ball-Rokeach
|
| 250 |
|
|
|a 5th ed.
|
| 260 |
|
|
|a New York :
|b Longman,
|c 1989
|
| 300 |
|
|
|a 368 p.
|
| 500 |
|
|
|a Includes Index
|
| 650 |
0 |
0 |
|a Mass media
|x Social aspects
|x History.
|
| 650 |
0 |
0 |
|a Mass media
|x Social aspects
|z United States
|x History.
|
| 700 |
1 |
|
|a Ball-Rokeach, Sandra.
|
| 852 |
|
|
|a INST
|b CHIOS
|e 19960129
|h 302.234 DEF
|p 005200003526
|q 005200003526
|t BK
|y 0
|
| 909 |
|
|
|a Χ
|b 037655
|